| 000 | 01516nam2a2200277 4500 | ||
|---|---|---|---|
| 001 | RU\NLR\BIBL_A\012003658 | ||
| 005 | 20190523142200.0 | ||
| 010 | _a978-5-907122-43-7 | ||
| 021 |
_aRU _bКН-П-19-024896 _9КН-П-19-1882 |
||
| 035 | _a(NLR Aleph) 012003658 | ||
| 035 | _a(RuMoRGB)009939984 | ||
| 090 |
_a11416992 _c11416992 |
||
| 100 | _a20190430d2019 u y0rusy50 ca | ||
| 101 | 0 | _arus | |
| 102 | _aRU | ||
| 105 | _ay|||z|||000 y | ||
| 200 | 1 |
_aФевраль _fсоставитель: Эдуард Малыкин] |
|
| 210 | _d2019 | ||
| 215 | _a181 с. | ||
| 327 | 0 | _aСодерж.: авт.: Стихи: Елена Евдокимова, Раиса Манухина, Ольга Масалкина, Сергей Борисов, Ольга Ильина [и др.]; Проза: Галина Веч, Ольга Романеева, Арина Боброва, Полина Кипрушёва, Анастасия Шелег [и др.] | |
| 461 | 0 |
_1001RU\NLR\BIBL_A\011779769 _12001#$aАвторы XXI века$e[проза и стихи$eсборник$fсоставитель: Яна Малыкина]$v[2019 _911770231 _c[Б. м.] _d2018 _fсоставитель: Яна Малыкина] _nИздательский проект ЛитКульта _o[проза и стихи : сборник _tАвторы XXI века _v[2019 |
|
| 702 | 1 |
_aМалыкин _bЭ. Г. _f1984- _gЭдуард Григорьевич _4220 |
|
| 942 | _cBOOK | ||
| 980 | _aNB | ||